Word Scramble - 1M Cities - Statistics

General Stats
  • This quiz has been taken 1,056 times
  • The average score is 8 of 20
Answer Stats
Continent City % Correct
Africa Fez
100%
Africa Lagos
100%
Asia Omsk
100%
Oceania Sydney
100%
Europe Ufa
100%
Americas Havana
95%
Asia Sanaa
94%
Europe Warsaw
94%
Africa Casablanca
93%
Europe Oslo
93%
Europe Glasgow
92%
Asia Qom
92%
Asia Doha
91%
Asia Gaza
91%
Europe Berlin
90%
Asia Dhaka
90%
Europe Sofia
90%
Asia Tripoli
90%
Americas Denver
89%
Europe London
89%
Asia Agra
88%
Africa Oran
88%
Americas Toronto
88%
Africa Aba
87%
Europe Helsinki
86%
Europe Kiev
86%
Asia Tokyo
86%
Asia Seoul
85%
Europe Amsterdam
83%
Americas Bogota
83%
Americas Lima
83%
Europe Lyon
83%
Asia Bangkok
82%
Europe Milan
82%
Asia Tbilisi
82%
Asia Xian
82%
Europe Brussels
81%
Americas Caracas
81%
Asia Amman
80%
Asia Ankara
80%
Africa Cairo
80%
Africa Dakar
80%
Europe Madrid
80%
Europe Perm
80%
Europe Rome
80%
Europe Stockholm
80%
Americas Tampa
80%
Asia Tashkent
80%
Asia Cixi
79%
Oceania Perth
79%
Europe Zurich
79%
Europe Belgrade
78%
Americas Ottawa
78%
Europe Turin
78%
Americas Vancouver
78%
Asia Delhi
77%
Americas Managua
77%
Americas Montevideo
77%
Americas Honolulu
76%
Asia Jakarta
76%
Asia Baku
75%
Asia Beijing
75%
Americas Quito
75%
Europe Paris
74%
Americas Boston
73%
Asia Hanoi
73%
Europe Kharkiv
73%
Asia Kuwait
73%
Africa Lusaka
73%
Europe Porto
73%
Asia Wuhan
73%
Asia Wuhu
73%
Africa Abuja
71%
Americas Fuji
71%
Europe Malaga
71%
Europe Minsk
71%
Africa Monrovia
71%
Asia Mumbai
71%
Africa Rabat
71%
Europe Vienna
71%
Asia Pyongyang
70%
Europe Barcelona
69%
Europe Leeds
69%
Africa Accra
67%
Asia Adana
67%
Asia Dubai
67%
Asia Karachi
67%
Asia Manama
67%
Asia Naha
67%
Americas Phoenix
67%
Asia Colombo
65%
Africa Conakry
65%
Europe Dublin
65%
Africa Harare
65%
Americas Miami
65%
Oceania Brisbane
64%
Asia Izmir
64%
Africa Nairobi
64%
Europe Cologne
63%
Europe Liverpool
63%
Americas Stockton
63%
Americas Belem
62%
Africa Durban
62%
Americas Houston
62%
Asia Manila
62%
Africa Tunis
62%
Asia Baghdad
61%
Americas Buffalo
61%
Europe Bucharest
60%
Americas Columbus
60%
Americas Dallas
60%
Asia Guangzhou
60%
Asia Mosul
60%
Asia Pune
60%
Americas Sacramento
60%
Asia Yerevan
60%
Africa Maputo
59%
Africa Yaounde
59%
Americas Atlanta
58%
Asia Beirut
58%
Europe Naples
58%
Europe Prague
58%
Europe Seville
58%
Americas Brasilia
57%
Americas Cincinnati
57%
Asia Jinan
57%
Americas Mexicali
57%
Africa Mogadishu
57%
Asia Muscat
57%
Europe Budapest
56%
Asia Chennai
56%
Asia Damascus
56%
Europe Lisbon
56%
Europe Moscow
56%
Asia Riyadh
56%
Europe Volgograd
56%
Asia Jaipur
55%
Africa Kampala
55%
Americas Leon
55%
Americas Orlando
55%
Americas Seattle
55%
Americas Chicago
54%
Europe Mannheim
54%
Africa Bamako
53%
Africa Kinshasa
53%
Asia Kolkata
53%
Europe Manchester
53%
Americas Montréal
53%
Africa N'Djamena
53%
Asia Osaka
53%
Americas Salvador
53%
Oceania Adelaide
50%
Africa Alexandria
50%
Americas Asuncion
50%
Americas Cordoba
50%
Europe Frankfurt
50%
Asia Fuzhou
50%
Americas Hartford
50%
Asia Kabul
50%
Africa Kigali
50%
Europe Lille
50%
Oceania Melbourne
50%
Europe Munich
50%
Americas Pittsburgh
50%
Europe Rotterdam
50%
Asia Tianjin
50%
Europe Stuttgart
48%
Asia Batam
47%
Asia Cebu
47%
Asia Jeddah
47%
Africa Lilongwe
47%
Americas Maracaibo
47%
Europe Sheffield
47%
Asia Wuxi
47%
Asia Zibo
47%
Asia Chongqing
46%
Africa Freetown
46%
Europe Samara
46%
Americas Santiago
46%
Asia Surat
46%
Asia Ashgabat
45%
Africa Khartoum
45%
Europe Odessa
45%
Asia Sapporo
45%
Americas Cali
44%
Asia Makkah
44%
Americas Memphis
44%
Africa Nouakchott
44%
Asia Aleppo
43%
Oceania Auckland
43%
Africa Cotonou
43%
Europe Kazan
43%
Asia Kota
43%
Americas Monterrey
43%
Asia Salem
43%
Americas Santos
43%
Asia Tehran
43%
Americas Louisville
42%
Europe Newcastle
42%
Americas Puebla
42%
Asia Shanghai
42%
Africa Bangui
40%
Asia Kathmandu
40%
Africa Lome
40%
Asia Medan
40%
Asia Nagoya
40%
Asia Chengdu
39%
Asia Hyderabad
39%
Africa Kano
39%
Asia Almaty
38%
Americas Cartagena
38%
Americas Detroit
38%
Asia Harbin
38%
Asia Kunming
38%
Asia Lahore
38%
Americas Medellin
38%
Asia Multan
38%
Asia Nanjing
38%
Asia Qingdao
38%
Asia Taipei
38%
Europe Athens
36%
Europe Birmingham
36%
Europe Bordeaux
36%
Americas Calgary
36%
Asia Hangzhou
36%
Asia Hubli
36%
Asia Jilin
36%
Asia Kirkuk
36%
Asia Kochi
36%
Americas Portland
36%
Asia Surabaya
36%
Asia Mandalay
35%
Asia Singapore
35%
Africa Abidjan
33%
Asia Dammam
33%
Americas Guatemala
33%
Americas Guayaquil
33%
Europe Hamburg
33%
Americas Harrisburg
33%
Asia Jiangyin
33%
Asia Kanpur
33%
Asia Konya
33%
Africa Luanda
33%
Africa Lubumbashi
33%
Asia Medina
33%
Asia Xiamen
33%
Africa Algiers
32%
Americas Milwaukee
32%
Europe Rostov
32%
Europe Katowice
31%
Asia Lucknow
31%
Americas Raleigh
31%
Asia Tabriz
31%
Asia Ahmedabad
30%
Asia Antalya
30%
Asia Changzhou
30%
Asia Patna
30%
Asia Tainan
30%
Americas Austin
29%
Asia Chifeng
29%
Asia Gujranwala
29%
Asia Hefei
29%
Africa Niamey
29%
Asia Suzhou
29%
Americas Tijuana
29%
Asia Xining
29%
Americas Charlotte
28%
Asia Bursa
27%
Asia Denpasar
27%
Africa Douala
27%
Asia Istanbul
27%
Americas Mendoza
27%
Asia Basra
26%
Africa Marrakesh
26%
Asia Chittagong
25%
Asia Daegu
25%
Asia Fukuoka
25%
Europe Hannover
25%
Asia Hiroshima
25%
Africa Kumasi
25%
Europe Nottingham
25%
Asia Palembang
25%
Asia Rangoon
25%
Asia Varanasi
25%
Asia Zhuzhou
25%
Asia Bandung
24%
Americas Cleveland
24%
Asia Ningbo
24%
Africa Agadir
23%
Asia Bhopal
23%
Asia Haikou
23%
Americas Manaus
23%
Asia Busan
22%
Americas Campinas
22%
Asia Irbil
22%
Asia Nanning
22%
Americas Recife
22%
Asia Xuzhou
22%
Europe Antwerpen
21%
Europe Donetsk
21%
Asia Malang
21%
Africa Sousse
21%
Asia Chandigarh
20%
Asia Changchun
20%
Americas Edmonton
20%
Asia Faisalabad
20%
Asia Handan
20%
Asia Hohhot
20%
Asia Jinzhou
20%
Asia Jodhpur
20%
Asia Makassar
20%
Asia Ranchi
20%
Americas Toluca
20%
Asia Amritsar
19%
Asia Bangalore
19%
Asia Linyi
19%
Europe Voronezh
19%
Asia Zhengzhou
19%
Asia Benxi
18%
Americas Maceio
18%
Asia Nagpur
18%
Americas Natal
18%
Asia Okayama
18%
Asia Shantou
18%
Asia Shiraz
18%
Asia Tangshan
18%
Asia Xinxiang
18%
Asia Davao
17%
Asia Huainan
17%
Africa Ibadan
17%
Africa Onitsha
17%
Asia Urumqi
17%
Asia Anshan
15%
Asia Coimbatore
15%
Americas Curitiba
15%
Americas Fortaleza
15%
Asia Gwangju
15%
Asia Hengyang
15%
Asia Liuzhou
15%
Europe Marseille
15%
Asia Mianyang
15%
Asia Taiyuan
15%
Asia Wenzhou
15%
Asia Ahvaz
14%
Americas Goiania
14%
Asia Isfahan
14%
Asia Luoyang
14%
Asia Nanchang
14%
Asia Nantong
14%
Asia Rawalpindi
14%
Asia Vijayawada
14%
Asia Yogyakarta
14%
Asia Baoding
13%
Asia Baotou
13%
Asia Cangnan
13%
Asia Daejeon
13%
Asia Jamshedpur
13%
Asia Shenyeng
13%
Asia Surakarta
13%
Asia Yantai
13%
Asia Jinhua
12%
Asia Lanzhou
12%
Asia Nanchong
12%
Americas Valparaiso
12%
Asia Bhilai
11%
Europe Kobenhavn
11%
Americas Merida
11%
Americas Nashville
11%
Asia Srinagar
11%
Asia Aurangabad
10%
Asia Baoji
10%
Asia Changsha
10%
Asia Jabalpur
10%
Asia Mashhad
10%
Asia Zhanjiang
10%
Asia Zunyi
10%
Asia Guwahati
9%
Asia Madurai
9%
Asia Maoming
9%
Americas Maracay
9%
Asia Allahabad
8%
Asia Angeles
8%
Americas Cochabamba
8%
Asia Dhanbad
8%
Asia Guilin
8%
Asia Hamamatsu
8%
Asia Huizhou
8%
Asia Kumamoto
8%
Asia Ludhiana
8%
Americas Queretaro
8%
Asia Quetta
8%
Asia Sendai
8%
Asia Shizuoka
8%
Asia Taichung
8%
Asia Ulsan
8%
Asia Xiangfan
8%
Asia Gaziantep
7%
Asia Gwalior
7%
Asia Kitakyushu
7%
Asia Meerut
7%
Europe Nurnberg
7%
Asia Wanxian
7%
Asia Yancheng
7%
Asia Zhenjiang
7%
Americas Cuernavaca
6%
Asia Daqing
6%
Asia Huaibei
6%
Asia Mysore
6%
Asia Nasik
6%
Americas Rosario
6%
Asia Tiruppur
6%
Asia Vadodara
6%
Asia Weifang
6%
Asia Asansol
5%
Asia Moradabad
5%
Asia Aligarh
0%
Asia Bareilly
0%
Asia Bengbu
0%
Asia Dalian
0%
Asia Datong
0%
Americas Greensboro
0%
Asia Guiyang
0%
Asia Huaiyin
0%
Asia Indore
0%
Asia Jiaozuo
0%
Asia Jullundur
0%
Africa Kaduna
0%
Asia Kaifeng
0%
Asia Kaohsiung
0%
Asia Kayseri
0%
Asia Khulna
0%
Asia Maanshan
0%
Africa Maiduguri
0%
Asia Masan
0%
Africa Mbuji-Mayi
0%
Americas McAllen
0%
Africa Mombasa
0%
Asia Nanyang
0%
Asia Pekanbaru
0%
Asia Peshawar
0%
Asia Putian
0%
Asia Qingyuan
0%
Asia Qiqihar
0%
Asia Rajkot
0%
Americas Richmond
0%
Asia Rizhao
0%
Europe Saratov
0%
Asia Semarang
0%
Asia Serang
0%
Asia Sholapur
0%
Asia Taian
0%
Asia Taizhou
0%
Americas Teresina
0%
Americas Torreon
0%
Americas Vitoria
0%
Asia Xiangtai
0%
Asia Xiangtan
0%
Asia Yangzhou
0%
Asia Yichang
0%
Asia Yinchuan
0%
Asia Zhuhai
0%
No matching quizzes found
Score Distribution
Percent of People with Each Score
Percentile by Number Answered
Your Score History
You have not taken this quiz